000 00355 a2200109 4500
020 _a0070417520
082 _a388.4068 MEY
100 _aMeyer, Michael D.
245 _aUrban Transportation Planning A Design -Oriented Approach
_cMichael D. Meyer, Eric J. Miller
260 _aNew York :
_bMcGraw Hill,
_c1984
300 _axvii, 524p. :
_bill ., ;
_c24 cm
650 _aUrban Transportation
999 _c472
_d472